Investment Management (Record no. 12589)
[ view plain ]
| 000 -LEADER | |
|---|---|
| fixed length control field | 00358nam a22001577a 4500 |
| 003 - CONTROL NUMBER IDENTIFIER | |
| control field | OSt |
| 008 - FIXED-LENGTH DATA ELEMENTS--GENERAL INFORMATION | |
| fixed length control field | 240501b |||||||| |||| 00| 0 eng d |
| 020 ## - INTERNATIONAL STANDARD BOOK NUMBER | |
| International Standard Book Number | 9789356748569 |
| 082 ## - DEWEY DECIMAL CLASSIFICATION NUMBER | |
| Classification number | 332.6 MUI |
| 100 ## - MAIN ENTRY--PERSONAL NAME | |
| Personal name | MUKHERJEE,Subrata |
| 245 ## - TITLE STATEMENT | |
| Title | Investment Management |
| 250 ## - EDITION STATEMENT | |
| Edition statement | 2nd Ed |
| 260 ## - PUBLICATION, DISTRIBUTION, ETC. (IMPRINT) | |
| Place of publication, distribution, etc | New Delhi |
| Name of publisher, distributor, etc | Vikas |
| Date of publication, distribution, etc | 2024 |
| 300 ## - PHYSICAL DESCRIPTION | |
| Extent | 662 |
| 942 ## - ADDED ENTRY ELEMENTS (KOHA) | |
| Source of classification or shelving scheme | Dewey Decimal Classification |
| Koha item type | Text Books |
| Withdrawn status | Lost status | Source of classification or shelving scheme | Damaged status | Not for loan | Collection code | Home library | Current library | Date acquired | Source of acquisition | Currency | Cost, normal purchase price | Bill Number | Total Checkouts | Full call number | Acc. no. / Barcode | Date last seen | Actual Cost, discounted price | Bill Date | Koha item type | Checked out | Date last borrowed |
|---|---|---|---|---|---|---|---|---|---|---|---|---|---|---|---|---|---|---|---|---|---|
| Dewey Decimal Classification | MBA | PIET C-LIBRARY | PIET C-LIBRARY | 30/03/2024 | Zafaa Books and Distributors | In rupees | 825.00 | ZBD0477 | 332.6 MUI | 36479 | 01/05/2024 | 577.50 | 30/03/2024 | Reference Books | |||||||
| Dewey Decimal Classification | MBA | PIET C-LIBRARY | PIET C-LIBRARY | 30/03/2024 | Zafaa Books and Distributors | In rupees | 825.00 | ZBD0477 | 2 | 332.6 MUI | 36480 | 29/01/2025 | 577.50 | 30/03/2024 | Text Books | 18/08/2025 | 29/01/2025 | ||||
| Dewey Decimal Classification | MBA | PIET C-LIBRARY | PIET C-LIBRARY | 30/03/2024 | Zafaa Books and Distributors | In rupees | 825.00 | ZBD0477 | 2 | 332.6 MUI | 36481 | 28/01/2025 | 577.50 | 30/03/2024 | Text Books | 21/01/2025 | |||||
| Dewey Decimal Classification | MBA | PIET C-LIBRARY | PIET C-LIBRARY | 30/03/2024 | Zafaa Books and Distributors | In rupees | 825.00 | ZBD0477 | 1 | 332.6 MUI | 36482 | 04/11/2024 | 577.50 | 30/03/2024 | Text Books | 22/10/2024 | |||||
| Dewey Decimal Classification | MBA | PIET C-LIBRARY | PIET C-LIBRARY | 30/03/2024 | Zafaa Books and Distributors | In rupees | 825.00 | ZBD0477 | 1 | 332.6 MUI | 36483 | 04/11/2024 | 577.50 | 30/03/2024 | Text Books | 22/10/2024 |